| 000 | 02592cam a2200373 a 4500 | ||
|---|---|---|---|
| 005 | 20031230185550.0 | ||
| 008 | 940308s1993 enkab b 001 0 eng | ||
| 010 | _aENG-101647 B-425182-189 | ||
| 020 |
_c395.00 _a9788184000559 |
||
| 035 | _aEN-85180 B-425182-189 | ||
| 037 | _bDBAD/PUB | ||
| 037 | _bRBC/VEN | ||
| 040 |
_adpl _bEng |
||
| 082 | _a781.620095414 | ||
| 100 | 1 |
_922405 _aSen, Mimlu |
|
| 245 | 1 | 0 |
_aBaulsphere : _cby Mimlu Sen _bmy travels with the wandering bards of Bengal / |
| 260 |
_aNoida _bRandom House India _c2009 |
||
| 270 |
_aMind Mill Corporate Tower, 2nd Floor, Plot No 24A Sector 16A, _bNoida _e201301 |
||
| 300 |
_a287p.: _c22cm (Hb) _bill |
||
| 650 | 0 | _922448 | |
| 651 | _922481 | ||
| 700 | _922431 | ||
| 942 |
_2ddc _cEN _mSEN _h781.620095414 |
||
| 999 |
_c48254 _d48254 |
||